01677nam a22002657a 4500003001000000005001700010008004100027015001200068020002200080040003200102080002100134100004800155245008200203250002300285260004200308300004700350520072800397650003001125655002601155655003301181655002801214942001501242999001301257952014101270AR-RoUNCS20260223085124.0161018s2015 ag a br 001 f spa  aAR-2015 a978-987-24750-4-8 aAR-BaBNbspacAR-BaBNeaacr1 a82-32(410)220161 aStevenson, Robert Louis, d1850-1894eautor13aEl extraño caso del doctor Jekyll y el señor Hyde /cRobert L. Stevenson. a1a ed., 2a reimpr. aBuenos Aires :bLa Estación,c2015. a47 p. :bprincipalmente il. col. ;c22 cm.3 aLondres, a fines del S. XIX, es una ciudad moderna: suntuosos edificios, calles iluminadas por faroles de gas, elegantes carruajes y peatones refinados... Sin embargo, en medio de tanto esplendor, empiezan a surgir los indicios de una amenaza, a través de los crímenes de un tal señor hyde. A lo largo de un relato que mantiene en vilo al lector, Stevenson va desplegando poco a poco las claves del siniestro personaje, hasta llegar al mayor de todos los misterios: su extraña relación con el doctor Jekyll, un ciudadano ejemplar. Desde el momento de su publicación, esta novela se ha consagrado como una obra maestra del suspenso y con una fascinante indagación del alma humana. c(Descripción del editor). 72embneaLitaratura inglesa 7aNovelas cortas2embne 7aNovelas fantásticas2embne 7aLibros juveniles2embne 2udccOGn0 c910d910 00102udc40708CGaESOCIALESbESOCIALESd2026-02-23eDonación 2023l0o82-32(410) ST847p000591r2026-02-23 09:06:43w2026-02-23yOG